Normal view
MARC view
- UG EE Project
Entry Topical Term
Number of records used in: 182
001 - CONTROL NUMBER
- control field: 118090
003 - CONTROL NUMBER IDENTIFIER
- control field: NUST
005 - DATE AND TIME OF LATEST TRANSACTION
- control field: 20230923110140.0
008 - FIXED-LENGTH DATA ELEMENTS
- fixed length control field: 230923|| aca||aabn | a|a d
040 ## - CATALOGING SOURCE
- Original cataloging agency: NUST
- Transcribing agency: NUST
150 ## - HEADING--TOPICAL TERM
- Topical term or geographic name entry element: UG EE Project
670 ## - SOURCE DATA FOUND
- Source citation: Work cat.: (NUST)603130: Mir, Taimoor 118084, Voice Scrambler /
